000 00332 a2200157 4500
001 61938
020 _a9780194244558
040 _cAnchieta - Pituba
100 _aHuizenga, Jann
240 1 0 _aRevolution
_lIng
245 1 0 _aRevolution
300 _a76
362 0 _a2006
650 4 _aLiteratura juvenil em inglês
942 _cBK
999 _c61938
_d61938